00854 2200265 4500001002100000005001500021035002500036008004100061020001800102040001700120082001400137084001600151100002700167245011700194250003600311260003300347300003600380500005000416650001200466700002700478850001200505504003300517990001800550990002000568INLIS00000000002575520211012083724 a0010-021700000000569170222s2011 yoia g 1 ind d a979-1305-58-9 aYOPDYOGbind04223a371.1 a371.1 ILL c1 aIlleris, Knutepenulis10aContemporary theories of learning :bteori-teori pembelajaran kontemporer /cKnut Illeris; penerjemah, M. Khozim aCetakan pertama: November, 2011 aBandung :bNusa Media,c2011 axii, 308 hlm. :bilus. ;c23 cm aJudul asli: Contemporary theories of learning 4aBelajar1 aKhozim, M.epenerjemah aYOPDYOG aBibliografi: halaman 295-297 a53336-PD/A.17 a68430-PD/A.2021